[Event "Kalamazoo op1"]
[Site "Kalamazoo"]
[Date "2003.08.30"]
[Round "1.29"]
[White "Nelson, Peter"]
[Black "Ream, Scott"]
[Result "1-0"]
[WhiteElo "1610"]
[BlackElo "1472"]
[PlyCount "53"]
[EventDate "2003.08.29"]
[EventType "swiss"]
[EventRounds "7"]
[EventCountry "USA"]
[SourceTitle "EXT 2007"]
[Source "ChessBase"]
[SourceDate "2006.11.23"]
[SourceVersion "1"]
[SourceVersionDate "2006.11.23"]
[SourceQuality "1"]

1. e4 d5 2. exd5 Nf6 3. d4 Nxd5 4. c4 Nf6 5. Nf3 Bg4 6. Be2 e6 7. Nc3 Bb4 8. a3 Bxc3+ 9. bxc3 Nbd7 10. 0-0 h6 11. h3 Bh5 12. a4 Ne4 13. Qc2 Ndf6 14. Ba3 b6 15. g4 Bg6 16. Ne5 Nxf2 17. Nxg6 Nxh3+ 18. Kh2 Ng5 19. Nxh8 c5 20. Qd2 Nfe4 21. Qf4 f6 22. Bf3 Nxf3+ 23. Qxf3 Nd2 24. Qc6+ Ke7 25. Ng6+ Kf7 26. Ne5+ Ke7 27. Qb7+ 1-0

[Event "Lansing op"]
[Site "Lansing"]
[Date "2002.09.02"]
[Round "6"]
[White "Nelson, Peter"]
[Black "Steen, Harold"]
[Result "1-0"]
[WhiteElo "1383"]
[BlackElo "1642"]
[PlyCount "109"]
[EventDate "2002.08.30"]
[EventType "swiss"]
[EventRounds "7"]
[EventCountry "USA"]
[SourceTitle "EXT 2007"]
[Source "ChessBase"]
[SourceDate "2006.11.23"]
[SourceVersion "1"]
[SourceVersionDate "2006.11.23"]
[SourceQuality "1"]

1. d4 f5 2. Nc3 Nf6 3. Bg5 e6 4. f3 h6 5. Bh4 g5 6. Bf2 Bg7 7. e4 d6 8. Bd3 Nc6 9. Nge2 Nb4 10. a3 Nxd3+ 11. Qxd3 a6 12. 0-0-0 0-0 13. exf5 exf5 14. h4 Nh7 15. hxg5 Qxg5+ 16. Kb1 c6 17. f4 Qf6 18. Ng3 b5 19. Nh5 Qf7 20. Nxg7 Qxg7 21. Bh4 Nf6 22. Bxf6 Rxf6 23. Rh3 Rg6 24. g3 a5 25. d5 b4 26. Ne2 c5 27. Qe3 Bd7 28. Nc1 c4 29. Qd4 Qe7 30. axb4 axb4 31. Qxc4 Rb8 32. Rdh1 Kh7 33. Qd3 Qf6 34. g4 Kg8 35. Rxh6 Rxh6 36. g5 Rxh1 37. gxf6 Kf7 38. Qd4 b3 39. Qa7 bxc2+ 40. Kxc2 Rc8+ 41. Kb3 Rh3+ 42. Ka2 Rxc1 43. Qxd7+ Kxf6 44. Qxd6+ Kg7 45. Qe7+ Kg8 46. Qg5+ Kh8 47. Qxf5 Rch1 48. d6 Rh5 49. Qf6+ Kh7 50. d7 Rd1 51. d8Q Ra1+ 52. Kxa1 Rh1+ 53. Ka2 Ra1+ 54. Kb3 Ra3+ 55. Kc2 1-0

[Event "Lansing op"]
[Site "Lansing"]
[Date "2002.08.31"]
[Round "2"]
[White "McCarter, Robert"]
[Black "Nelson, Peter"]
[Result "0-1"]
[WhiteElo "1667"]
[BlackElo "1383"]
[PlyCount "104"]
[EventDate "2002.08.30"]
[EventType "swiss"]
[EventRounds "7"]
[EventCountry "USA"]
[SourceTitle "EXT 2007"]
[Source "ChessBase"]
[SourceDate "2006.11.23"]
[SourceVersion "1"]
[SourceVersionDate "2006.11.23"]
[SourceQuality "1"]

1. d4 Nf6 2. Nf3 c5 3. c3 e6 4. Bg5 d5 5. Nbd2 Be7 6. e3 Nc6 7. Bd3 cxd4 8. exd4 h6 9. Bh4 0-0 10. Ne5 Nxe5 11. dxe5 Nd7 12. Bxe7 Qxe7 13. Nf3 f5 14. Qe2 Nc5 15. Bc2 Ne4 16. h4 Qc5 17. 0-0 Ng3 18. Qd3 Nxf1 19. Qxf1 Bd7 20. Nd4 Qe7 21. g3 a6 22. Qd3 b5 23. a3 g6 24. Kg2 Qg7 25. f4 g5 26. Kf2 g4 27. Re1 Qe7 28. Kg2 Qc5 29. Qd1 a5 30. Nb3 Qb6 31. Qd4 Qxd4 32. Nxd4 Rab8 33. Kf2 b4 34. cxb4 axb4 35. a4 Rfc8 36. b3 Kf7 37. Re2 Rc3 38. Rd2 Rbc8 39. Re2 R8c5 40. Rd2 Bc8 41. Bd3 h5 42. Ke2 Rc1 43. Rc2 R1xc2+ 44. Bxc2 Ba6+ 45. Kf2 Rc3 46. Bd1 Rd3 47. Be2 Rxd4 48. Bxa6 Rd2+ 49. Be2 Rb2 50. Ke1 Rxb3 51. Bd1 Rxg3 52. Kf2 Ra3 0-1